TNA Wrestling Champions by Year - 2008 - Statistics

General Stats
  • This quiz has been taken 82 times
  • The average score is 13 of 17
Answer Stats
Title Date Event Wrestler % Correct
Legends October 23 TNA Impact! Booker T
94%
World Heavyweight April 13 Lockdown Samoa Joe
91%
World Heavyweight October 12 Bound for Glory Sting
91%
Knockouts January 10 TNA Impact! Awesome Kong
85%
Knockouts October 23 TNA Impact! Awesome Kong
85%
Tag Team August 10 Hard Justice Bobby Roode
82%
Tag Team May 11 Sacrifice Hernandez
82%
Tag Team May 11 Sacrifice Homicide
82%
Tag Team August 10 Hard Justice James Storm
82%
X-Division December 7 Final Resolution Eric Young
76%
X-Division February 10 Against All Odds Jay Lethal
76%
Tag Team April 17 TNA Impact! Super Eric
76%
X-Division April 17 TNA Impact! Petey Williams
71%
Knockouts July 10 TNA Impact! Taylor Wilde
71%
Tag Team April 17 TNA Impact! Kaz
68%
X-Division September 14 No Surrender Sheik Abdul Bashir
56%
X-Division January 24 TNA Impact! Johnny Devine
53%
No matching quizzes found
Score Distribution
Percent of People with Each Score
Percentile by Number Answered
Your Score History
You have not taken this quiz